13東京都の市区町村 - Statistics

General Stats
  • This quiz has been taken 1,531 times
    1,525 since last reset
  • The average score is 43 of 62
Answer Stats
Answer % Correct
新宿区
92%
港区
91%
千代田区
90%
世田谷区
90%
渋谷区
90%
北区
90%
中央区
89%
江戸川区
89%
八王子市
89%
品川区
88%
大田区
88%
足立区
87%
江東区
86%
練馬区
86%
葛飾区
86%
目黒区
85%
中野区
85%
豊島区
85%
杉並区
84%
文京区
83%
台東区
83%
立川市
83%
板橋区
82%
墨田区
81%
荒川区
81%
町田市
80%
西東京市
79%
三鷹市
77%
国分寺市
76%
国立市
76%
調布市
75%
多摩市
75%
青梅市
74%
府中市
74%
武蔵野市
73%
あきる野市
73%
東村山市
72%
日野市
69%
狛江市
65%
武蔵村山市
64%
小金井市
61%
東久留米市
61%
昭島市
60%
小平市
60%
稲城市
60%
福生市
59%
清瀬市
57%
小笠原村
54%
羽村市
53%
東大和市
51%
大島町
46%
青ヶ島村
45%
八丈町
42%
三宅村
37%
神津島村
34%
西多摩郡檜原村
33%
西多摩郡奥多摩町
33%
新島村
33%
御蔵島村
33%
利島村
31%
西多摩郡瑞穂町
30%
西多摩郡日の出町
30%
No matching quizzes found
Score Distribution
Percent of People with Each Score
Percentile by Number Answered
Your Score History
You have not taken this quiz since the last reset